[Event "Prague Mencik Memorial 6th"]
[Site "Prague"]
[Date "2023.09.24"]
[Round "6"]
[White "Kharchenko, Michail"]
[Black "Pulpan, Jiri"]
[Result "1-0"]
[WhiteElo "1978"]
[BlackElo "1462"]
[PlyCount "75"]
[EventDate "2023.09.24"]
[EventType "swiss"]
[EventRounds "9"]
[EventCountry "CZE"]
[SourceTitle "EXT 2024"]
[Source "ChessBase"]
[SourceDate "2023.10.10"]
[SourceVersion "1"]
[SourceVersionDate "2023.10.10"]
[SourceQuality "1"]

1. e4 e5 2. Nf3 Nc6 3. Bb5 d6 4. d4 exd4 5. Nxd4 Bd7 6. 0-0 Be7 7. c3 Nf6 8. Re1 0-0 9. Bxc6 bxc6 10. Nd2 c5 11. N4f3 Bg4 12. h3 Be6 13. c4 h6 14. b3 c6 15. e5 dxe5 16. Nxe5 Qc7 17. Qe2 Bd6 18. Ndf3 Rfe8 19. Bb2 Bf5 20. Qd2 Rad8 21. Qf4 Be4 22. Qh4 Bxf3 23. Nxf3 Rxe1+ 24. Rxe1 Be7 25. Be5 Qd7 26. Qf4 Nh7 27. Bc7 Bd6 28. Bxd6 Qxd6 29. Qxd6 Rxd6 30. Re7 Rd1+ 31. Kh2 Ra1 32. Rxa7 Nf6 33. Ne5 Ne4 34. f3 Nc3 35. Ra8+ Kh7 36. Nxf7 Rxa2 37. Rh8+ Kg6 38. Ne5+ 1-0